Представление документа в формате MARC21

Поле Инд. ПП Название Значение
Тип записи a
Библиографический уровень m
001 Контрольный номер f5c5f262fff54500897a10785499efba
005 Дата корректировки 20260608102213.0
040 a Служба первич. каталог. 10013504
b Код языка каталог. rus
e Правила каталог. PSBO
041 0_ a Код языка текста rus
084 a Индекс другой классификации/Индекс ББК доп.
090 a Полочн. индекс А181
x Авторский знак К 181
r Идентификатор организации 10013504
100 1_ a Автор Каменомостский А.И.
245 10 a Заглавие Определение линейных размеров сжатых элементов сечения кессонного крыла из условия минимального веса
b Продолж. заглавия автореферат диссертации ... кандидата технических наук : специальность 05.07.02 - Проектирование и конструкция летательных аппаратов
c Ответственность науч. рук. В.И. Протопопов; Московский институт инженеров гражданской авиации
260 a Место издания Москва
c Дата издания 1981
300 a Объем 18 с.
b Иллюстрации/ тип воспроизводства ил., табл.
653 0_ a Ключевые слова АВТОРЕФЕРАТЫ
700 12 a Другие авторы Протопопов В.И.
e Роль лиц Научный руководитель
901 t Тип документа r
952 d Специальность 05.07.02 Проектирование и конструкция летательных аппаратов
a Тип литературы для КСУ ВШ БАНР
c Вид литературы автореферат